000 00606cam a22002291 4500
001 sa 68013322
003 DLC
005 20260227112620.0
008 890531s1964 ii b 000 0 hino
010 _asa 68013322
035 _a(OCoLC)19792110
040 _aDLC
_cWaU
_dDLC
042 _apremarc
050 0 0 _aPK2098.G8
_bD8538
100 1 _aSingh, Shyam Nandan Prasad,
_d1925-
245 1 0 _aDvāpara, eka samīkshā.
260 _c[1964?]
300 _a244 p.
_c18 cm.
500 _aIn Hindi.
504 _aBibliographical footnotes.
600 1 0 _aGupta, Maithili Sarana,
_d1886-1964.
_tDvāpara.
999 _c85036
_d85036